000
00215 a2200109 4500
020
_a
9788415893387
041
_a
spa
100
_a
Camila Lackberg
245
_a
La mirada de los Angeles
942
_c
BK
952
_7
1
999
_c
24519
_d
24519